000 00276nam a22001337a 4500
008 170504b xxu||||| |||| 00| 0 eng d
020 _a9780735551879
041 _aeng
080 _a34
100 _a15
101 _aSHJ
245 _aTORTS
_cEMANUEL, S.L
942 _2udc
_cBK
999 _c12712
_d12712